El trabajo a tiempo parcial en la Unión Europea: dimensión en función del sexo
Gardado en:
| Autor Corporativo: | |
|---|---|
| Formato: | Libro |
| Idioma: | Lingua castelá |
| Publicado: |
Luxemburgo
Oficina de Publicaciones Oficiales de las Comunidades Europeas
1996
|
| Series: | Serie de Folletos Informativos, 23
|
| Subjects: | |
| Tags: |
Engadir etiqueta
Sen Etiquetas, Sexa o primeiro en etiquetar este rexistro!
|
MARC
| LEADER | 00000nam a2200000 a 4500 | ||
|---|---|---|---|
| 001 | UCU2388 | ||
| 003 | CL-VaPUC | ||
| 008 | 960426e19960000LU |||||||||||||||||spa|d | ||
| 082 | 0 | 4 | |a 337.142 |b FUN |2 21 |
| 110 | 2 | |a Fundación Europea Para la Mejora de las Condiciones de Vida y de Trabajo |e author |9 358508 | |
| 245 | 1 | 3 | |a El trabajo a tiempo parcial en la Unión Europea: dimensión en función del sexo |
| 300 | |a 75 p | ||
| 942 | |c BK | ||
| 945 | |d 19960426 00:00:00 |a rleighto | ||
| 260 | |a Luxemburgo |b Oficina de Publicaciones Oficiales de las Comunidades Europeas |c 1996 | ||
| 600 | 0 | 7 | |a UNION EUROPEA |2 CL-VaPUC |9 320734 |
| 650 | 7 | |a COMUNIDADES EUROPEAS |2 CL-VaPUC |9 320736 | |
| 650 | 0 | |a Trabajo |9 313876 | |
| 650 | 0 | |a Organizaciones internacionales |9 329196 | |
| 650 | 0 | |a Hombres |9 318163 | |
| 650 | 0 | |a Mujeres |9 257649 | |
| 583 | |a last modification |c 19960426 00:00:00 |k Rodrigo Vera | ||
| 490 | 0 | |a Serie de Folletos Informativos, 23 | |
| 999 | |c 246689 |d 246687 | ||
| 952 | |0 0 |1 0 |4 0 |6 337_142000000000000_FUN_1996 |7 0 |8 A |9 261873 |a BIBGIM |b BIBGIM |d 2019-11-19 |i 3195058 |o 337.142 FUN 1996 |p 3195058 |r 2025-01-15 |w 2019-11-19 |y BK |k SSL | ||